| 000 | 00699nam a2200229 i 4500 | ||
|---|---|---|---|
| 001 | 129620 | ||
| 003 | ES-MaACL | ||
| 005 | 20230906193534.0 | ||
| 007 | t| | ||
| 008 | 070627s1914 fr ||||1| fre d | ||
| 080 | _a630*116 | ||
| 080 | _a626/627 | ||
| 100 | 1 |
_aThiéry, E. _9109959 |
|
| 245 | 1 | 0 |
_aRestauration des montagnes _b: correction des torrents reboisement / _cpar E. Thiéry ; avec une introduction par M.-C. Lechalas. |
| 250 | _a10ª ed. rev. et aum. | ||
| 260 |
_aParis : _bBarneoud, _c1914. |
||
| 300 |
_a480 p. ; _c25 cm. |
||
| 650 | 1 | 4 |
_aHidrología forestal. _913342 |
| 650 |
_aObras hidráulicas. _915671 |
||
| 700 | 1 |
_aLechalas, M.C. _971066 |
|
| 852 |
_aES-MaACL _jB-4551 |
||
| 999 |
_c129620 _d129620 |
||